000 00993nam0a2200289 4500
001 RU\NLR\BIBL_A\022037671
005 20250625094732.0
010 _92000
035 _a(NLR Aleph) 022037671
090 _a13317515
_c13317515
100 _a20230928d1963 |||y0rusy50 ca
101 0 _abua
102 _aRU
105 _ay z 000 y
181 0 _ai
_baxxe
182 0 _an
200 1 _aЗаяанай зам
_eповесть
_fБ. Санжин, Б. Дандарон
203 _aТекст
_bвизуальный
_cнепосредственный
210 _aУлаан-Үдэ
_cБуряадай номой хэблэл
_d1963
215 _a221, [1] с.
_d18
541 1 _aДорогой в будущее
_eповесть
_zrus
700 1 _aСанжин
_bБ.С.
_f1911-
_gБалдан Санжиевич
_4070
701 1 _aДандарон
_bБ.Д.
_f1914-1974
_gБидия Дандарович
_4070
852 _aNLR
_bОНЛ
_jБур./2-1171
942 _cBOOK
980 _aNB